000 00536nam a2200193Ia 4500
003 OSt
005 20250213091746.0
008 210210b1971 xxu||||| |||| 00| 0 eng d
040 _cAL
041 _aKannada
082 _aK894.3 RAMM
100 _aRAMARAV (T K).
_dರಾಮರಾವ್ (ಟಿ ಕೆ).
_9199453
245 _aMuraneya kilikai.
_bಮೂರನೆಯ ಕೀಲಿಕೈ
260 _aBengaluru
_bSamyukta Prakashana
_c1971
300 _a71
690 _aKannada Fiction
_9199454
906 _a035708
942 _2ddc
_cBK
999 _c86563
_d86563